00627 2200229 4500001002100000005001500021035002000036007000300056008004100059020002200100082001000122084001600132100001800148245007300166260003400239300001700273650003400290856002100324700002500345250001100370990001600381INLIS00000000000814920260205100510 a0010-0126000146ta260205 0 ind  a978-623-506-090-3 a658.3 a658.3 ACH m0 aAchmad Sudiro1 aManajemen Sumber Daya Manusia /cAchmad Sudiro, Oktaria Ardika Putri aJakarta :bBUMI AKSARA,c2025 a300 ;c24cm. 4aManajemen Sumber Daya Manusia aALUMNI MANAJEMEN0 aOktaria Ardika Putri acet. 1 a00000013742